Príprava a modifikácia vlastností tenkých vrstiev na papieri s cieľom zlepšenia jeho funkčnosti, spevnenia a ochrany + CD-ROM

Gespeichert in:
Bibliographische Detailangaben
1. Verfasser: Trnovec, Bystrík
Format: Buch
Sprache:Slowakisch
Veröffentlicht: Bratislava STU v Bratislave FCHPT 2005
Online-Zugang:Im OPAC anzeigen
Tags: Tag hinzufügen
Keine Tags, Fügen Sie das erste Tag hinzu!

MARC

LEADER 00000nam a2200000 a 4500
005 20260127134350.0
008 050622 2005 xo 000 0 slo d
035 |a vtls008161824 
039 9 |a 200506220828  |b mschk03  |y 200506220828  |z mschk03 
040 |a STUSCHK1  |b slo  |c STUSCHK1  |e AACR2 
100 1 |a Trnovec, Bystrík 
245 1 |a Príprava a modifikácia vlastností tenkých vrstiev na papieri s cieľom zlepšenia jeho funkčnosti, spevnenia a ochrany  |b + CD-ROM 
260 |a Bratislava  |b STU v Bratislave FCHPT  |c 2005 
300 |a 70 s. 
500 |a Obháj.: 8.6. 2005 
500 |a Špec.: Polygrafia a aplikovaná fotochémia 
910 |a SCHK95 
999 |c 10934  |d 10934